| 000 | 00461nam a22001577a 4500 | ||
|---|---|---|---|
| 003 | PILC | ||
| 005 | 20151029113406.0 | ||
| 008 | 151029b xxu||||| |||| 00| 0 eng d | ||
| 020 | _a9780521008150 | ||
| 050 | _aPR 2807 .Sh527 2002 | ||
| 100 | _aShakespeare, William | ||
| 245 |
_aHamlet : _bcambridge student guide _cWilliam Shakespeare |
||
| 260 |
_aUnited Kingdom _bCambridge University Press _c2002 |
||
| 300 |
_a128 pages.; _c200 cm. |
||
| 942 |
_2lcc _cBK |
||
| 999 |
_c288878 _d288878 |
||